| 000 | 00422nam a22001577a 4500 | ||
|---|---|---|---|
| 003 | OSt | ||
| 005 | 20260326105903.0 | ||
| 008 | 260326b |||||||| |||| 00| 0 eng d | ||
| 020 | _a9789393553522 | ||
| 040 | _cIIMT UNIVERSITY MEERUT | ||
| 100 | _a Loyd V Allen | ||
| 245 | _aAnsels Pharmaceutical Dosage Forms & Drug Delivery Systems | ||
| 260 |
_aNEW YORK LONDON _bWolter Kluwer |
||
| 300 | _a656 | ||
| 942 |
_2ddc _c01 |
||
| 999 |
_c67691 _d67691 |
||